[Event "Vienna Advent op"]
[Site "Vienna"]
[Date "2022.12.09"]
[Round "5"]
[White "Gartmayer, Stefan"]
[Black "Radnaev, Nomin"]
[Result "1/2-1/2"]
[WhiteElo "1913"]
[BlackElo "1807"]
[PlyCount "59"]
[EventDate "2022.12.05"]
[EventType "tourn"]
[EventRounds "7"]
[EventCountry "AUT"]
[SourceTitle "CBM 211 Extra"]
[Source "ChessBase"]
[SourceDate "2023.01.31"]
[SourceVersion "1"]
[SourceVersionDate "2023.01.31"]
[SourceQuality "1"]

1. d4 Nf6 2. c4 e6 3. Nf3 d5 4. Nc3 Bb4 5. cxd5 exd5 6. Qa4+ Nc6 7. Bg5 h6 8. Bh4 g5 9. Bg3 Ne4 10. Rc1 0-0 11. Ne5 Bxc3+ 12. bxc3 Nxe5 13. Bxe5 f6 14. Bg3 Be6 15. f3 Nxg3 16. hxg3 Qd6 17. Kf2 Kg7 18. e3 Bf5 19. c4 dxc4 20. Qxc4 c6 21. Qc5 Qd7 22. Bc4 Rfd8 23. g4 Be6 24. a4 Bxc4 25. Rxc4 Qf7 26. e4 Rac8 27. Rhc1 a6 28. a5 Rd7 29. Qf5 Rcd8 30. Qc5 1/2-1/2

[Event "AUT-ch Vor4 Internet"]
[Site "Playchess.com INT"]
[Date "2020.04.25"]
[Round "7"]
[White "Koglbauer, Uwe"]
[Black "Gartmayer, Stefan"]
[Result "0-1"]
[WhiteElo "1666"]
[BlackElo "1914"]
[PlyCount "50"]
[EventDate "2020.04.25"]
[EventType "swiss (blitz)"]
[EventRounds "9"]
[EventCountry "AUT"]
[SourceTitle "EXT 2021"]
[Source "ChessBase"]
[SourceDate "2020.10.23"]
[SourceVersion "1"]
[SourceVersionDate "2020.10.23"]
[SourceQuality "1"]

1. e4 c5 2. c3 e6 3. d4 cxd4 4. cxd4 d5 5. e5 Nc6 6. Nf3 Qb6 7. Nc3 a6 8. Be2 Bd7 9. 0-0 Rc8 10. Na4 Qa7 11. b3 b5 12. Nb2 Nb4 13. Bg5 Ne7 14. a3 Nc2 15. Rc1 Nxa3 16. Rxc8+ Nxc8 17. Qd3 h6 18. Bh4 Be7 19. Ra1 Bxh4 20. Nxh4 b4 21. Qg3 0-0 22. Bd3 Bb5 23. Bxb5 Nxb5 24. Nf3 Nxd4 25. Nd3 Ne2+ 0-1

[Event "AUT-ch Vor3 Internet"]
[Site "Playchess.com INT"]
[Date "2020.04.17"]
[Round "3"]
[White "Gartmayer, Stefan"]
[Black "Freitag, Manfred"]
[Result "0-1"]
[WhiteElo "1914"]
[BlackElo "2356"]
[PlyCount "110"]
[EventDate "2020.04.17"]
[EventType "swiss (blitz)"]
[EventRounds "9"]
[EventCountry "AUT"]
[SourceTitle "CBM 195 Extra"]
[Source "ChessBase"]
[SourceDate "2020.05.31"]
[SourceVersion "1"]
[SourceVersionDate "2020.05.31"]
[SourceQuality "1"]

1. d4 Nf6 2. Nf3 g6 3. c4 Bg7 4. Nc3 d5 5. Bg5 Ne4 6. Bh4 Nxc3 7. bxc3 c5 8. e3 Nc6 9. Bd3 cxd4 10. cxd4 Qa5+ 11. Qd2 Qxd2+ 12. Kxd2 dxc4 13. Bxc4 0-0 14. Rac1 e6 15. Bg3 Bd7 16. Rb1 Na5 17. Bd3 Rfc8 18. Rhc1 f6 19. Bd6 Bf8 20. Bxf8 Kxf8 21. e4 Ke7 22. Ke3 Rxc1 23. Rxc1 Rc8 24. Rxc8 Bxc8 25. Nd2 Bd7 26. f4 Nc6 27. Nb3 b6 28. Bb5 g5 29. g3 gxf4+ 30. gxf4 Nb4 31. a4 Nc2+ 32. Kd2 Bxb5 33. axb5 Na3 34. Kc3 Nxb5+ 35. Kb4 Nd6 36. Nd2 a5+ 37. Ka4 Kd7 38. d5 exd5 39. exd5 Kc7 40. h3 Kb7 41. Nf3 Ka6 42. Nd4 b5+ 43. Ka3 Kb6 44. Ne6 Nc4+ 45. Kb3 Nd2+ 46. Kc2 Ne4 47. Kd3 Nc5+ 48. Kd4 Nd7 49. h4 a4 50. Ke4 a3 51. Nd4 Nc5+ 52. Kf5 b4 53. Nc2 a2 54. Na1 b3 55. Kxf6 b2 0-1

[Event "AUT-ch Vor3 Internet"]
[Site "Playchess.com INT"]
[Date "2020.04.17"]
[Round "5"]
[White "Gartmayer, Stefan"]
[Black "Steirer, Gerhard"]
[Result "1-0"]
[WhiteElo "1914"]
[BlackElo "1854"]
[PlyCount "59"]
[EventDate "2020.04.17"]
[EventType "swiss (blitz)"]
[EventRounds "9"]
[EventCountry "AUT"]
[SourceTitle "CBM 195 Extra"]
[Source "ChessBase"]
[SourceDate "2020.05.31"]
[SourceVersion "1"]
[SourceVersionDate "2020.05.31"]
[SourceQuality "1"]

1. d4 f5 2. Nf3 Nf6 3. c4 e6 4. Nc3 d5 5. Bf4 c6 6. e3 Bd6 7. Bd3 0-0 8. 0-0 Ne4 9. Ne2 g5 10. Bxd6 Qxd6 11. c5 Qe7 12. Ne5 Nd7 13. Nxd7 Bxd7 14. f3 Nf6 15. b4 Kh8 16. Qc2 Rg8 17. Rfe1 Rg6 18. g4 Rh6 19. gxf5 Qe8 20. fxe6 Qh5 21. Ng3 Qxf3 22. exd7 Ng4 23. Qg2 Nxh2 24. Nf5 Rh3 25. Qxf3 Nxf3+ 26. Kg2 Nxe1+ 27. Kxh3 Nxd3 28. Nd6 Nf2+ 29. Kg2 Ne4 30. d8Q+ 1-0

[Event "Vienna Tschaturanga op"]
[Site "Vienna"]
[Date "2014.05.06"]
[Round "2"]
[White "Buhmann, Rainer"]
[Black "Gartmayer, Stefan"]
[Result "1-0"]
[WhiteElo "2579"]
[BlackElo "2063"]
[PlyCount "77"]
[EventDate "2014.05.05"]
[EventType "swiss"]
[EventRounds "7"]
[EventCountry "AUT"]
[SourceTitle "CBM 160 Extra"]
[Source "ChessBase"]
[SourceDate "2014.07.01"]
[SourceVersion "1"]
[SourceVersionDate "2014.07.01"]
[SourceQuality "1"]

1. d4 Nf6 2. c4 e6 3. Nf3 b6 4. a3 Bb7 5. Nc3 Be7 6. d5 exd5 7. cxd5 a5 8. e4 d6 9. Bb5+ Nfd7 10. 0-0 0-0 11. Be3 Ba6 12. Qc2 Bf6 13. Bd4 Ne5 14. Nxe5 dxe5 15. Be3 Be7 16. Rac1 Bd6 17. Rfd1 Bxb5 18. Nxb5 Nd7 19. Qe2 Nc5 20. Bxc5 bxc5 21. Rc4 Qd7 22. Nc3 Rfb8 23. Qc2 g6 24. Na4 Qb5 25. Rd3 Rb7 26. h4 Rf8 27. h5 g5 28. b3 Qe8 29. Nxc5 Ra7 30. Rdc3 Qe7 31. Qe2 Kh8 32. Qg4 h6 33. Qf5 Bxc5 34. Rxc5 Kg7 35. Rc6 Rd8 36. g3 Rd6 37. Qc8 Rxc6 38. Rxc6 Qxa3 39. Rxh6 1-0

[Event "Vienna Tschaturanga op-A"]
[Site "Vienna"]
[Date "2012.01.30"]
[Round "1.8"]
[White "Gartmayer, Stefan"]
[Black "Kersten, Julian"]
[Result "1-0"]
[WhiteElo "2000"]
[BlackElo "1927"]
[PlyCount "119"]
[EventDate "2012.01.30"]
[EventType "swiss"]
[EventRounds "7"]
[EventCountry "AUT"]
[SourceTitle "EXT 2024"]
[Source "ChessBase"]
[SourceDate "2023.10.10"]
[SourceVersion "1"]
[SourceVersionDate "2023.10.10"]
[SourceQuality "1"]

1. d4 Nf6 2. Nf3 e6 3. c4 b6 4. g3 Ba6 5. Qc2 Bb4+ 6. Bd2 Bxd2+ 7. Nbxd2 c5 8. Bg2 Bb7 9. dxc5 bxc5 10. 0-0 0-0 11. Rfd1 d6 12. Ng5 Bxg2 13. Kxg2 h6 14. Nge4 Nc6 15. e3 Ne8 16. Nf3 Qc7 17. h4 f5 18. Nc3 a6 19. Qe2 Qf7 20. Rd2 Ra7 21. Rh1 Qh5 22. Qd1 e5 23. Rxd6 Nxd6 24. Qxd6 e4 25. Qd5+ Qf7 26. Nh2 Qxd5 27. Nxd5 Rb7 28. b3 Rd8 29. Re1 Nb4 30. Nxb4 Rxb4 31. Nf1 a5 32. Re2 a4 33. Nd2 axb3 34. axb3 Rb6 35. f3 Ra6 36. Nb1 Rd1 37. Nc3 exf3+ 38. Kxf3 Rf1+ 39. Kg2 Raa1 40. Na4 Rg1+ 41. Kf3 Rxa4 42. bxa4 Ra1 43. a5 Kf7 44. e4 fxe4+ 45. Kxe4 Rxa5 46. Kd5 Ra3 47. g4 Kf6 48. Re6+ Kf7 49. Re4 Kf6 50. Kxc5 h5 51. gxh5 Ra5+ 52. Kd6 Rxh5 53. Rf4+ Kg6 54. c5 Rh8 55. Kd7 Ra8 56. c6 Ra1 57. Rc4 Rd1+ 58. Ke6 Re1+ 59. Kd5 Rd1+ 60. Kc5 1-0